| 000 | 00795nam a2200229Ia 4500 | ||
|---|---|---|---|
| 003 | GCL | ||
| 008 | 140319s9999 xx 000 0 ara d | ||
| 040 |
_aGCL / _cGCL |
||
| 082 | 0 | 4 |
_aم _b903 _bح ص |
| 100 | 1 | _aالحميرى , ابى عبدالله محمد بن | |
| 245 | 1 | 0 |
_aصفة جزيرة الاندلس / _cالحميرى , ابى عبدالله محمد بن |
| 700 | 1 | _aبروفيسال، ليفى ا. | |
| 260 |
_a[S.N] : _bدار الجيل ، _c1988 |
||
| 300 | _a229 ص | ||
| 650 | 0 | 4 | _aاللغة العربية |
| 650 | 0 | 4 | _aالمعاجم |
| 650 | 0 | 4 | _aالجغرافيا التاريخية |
| 650 | 0 | 4 | _aتقاويم البلدان |
| 650 | 0 | 4 | _aالاندلس الوصف الجغرافى |
| 650 | 0 | 4 | _aالمغرب الوصف الجغرافى |
| 942 |
_2ddc _cREF |
||
| 999 |
_c59241 _d59241 |
||